How the Green Deal will reflect the in-situ performance of energy efficiency measures (Record no. 114383)

MARC details
000 -LEADER
fixed length control field 01124cad a22002055a 4500
001 - CONTROL NUMBER
control field L156715
008 - FIXED-LENGTH DATA ELEMENTS--GENERAL INFORMATION
fixed length control field 120628s2012 xxk f 000 0 eng d
035 ## - SYSTEM CONTROL NUMBER
System control number (Sirsi) u156715
041 0# - LANGUAGE CODE
Language code of text/sound track or separate title eng
110 2# - MAIN ENTRY--CORPORATE NAME
Corporate name or jurisdiction name as entry element United Kingdom
Subordinate unit Department of Energy and Climate Change
9 (RLIN) 5850
245 00 - TITLE STATEMENT
Title How the Green Deal will reflect the in-situ performance of energy efficiency measures
Medium [electronic resource]
260 ## - PUBLICATION, DISTRIBUTION, ETC.
Place of publication, distribution, etc. London
Name of publisher, distributor, etc. DECC
Date of publication, distribution, etc. 2012
520 ## - SUMMARY, ETC.
Summary, etc. Publication sets out DECC's approach for increasing confidence and consumer protection around the energy savings that can be achieved from installing energy efficiency measures used for calculating Green Deal finance. It focuses on the domestic Green Deal and is aimed at organisations intending to supply-in to the Green Deal and ECO markets.
590 ## - LOCAL NOTE (RLIN)
Local note KA NTK
651 #4 - SUBJECT ADDED ENTRY--GEOGRAPHIC NAME
Geographic name ENGLAND AND WALES
690 ## - LOCAL SUBJECT ADDED ENTRY--TOPICAL TERM (OCLC, RLIN)
Topical term or geographic name as entry element Sustainability
9 (RLIN) 6271
690 ## - LOCAL SUBJECT ADDED ENTRY--TOPICAL TERM (OCLC, RLIN)
Topical term or geographic name as entry element Environment
9 (RLIN) 6238
856 40 - ELECTRONIC LOCATION AND ACCESS
Uniform Resource Identifier <a href="https://www.decc.gov.uk/assets/decc/11/tackling-climate-change/green-deal/5505-how-the-green-deal-will-reflect-the-insitu-perfor.pdf">https://www.decc.gov.uk/assets/decc/11/tackling-climate-change/green-deal/5505-how-the-green-deal-will-reflect-the-insitu-perfor.pdf</a>
Public note View the item free of charge at www.decc.gov.uk
942 ## - ADDED ENTRY ELEMENTS (KOHA)
Suppress in OPAC 0
Holdings
Withdrawn status Lost status Source of classification or shelving scheme Damaged status Not for loan Home library Current library Shelving location Date acquired Total Checkouts Full call number Barcode Date last seen Copy number Price effective from Koha item type
    Dewey Decimal Classification     Virtual Virtual Online 28/06/2012   ONLINE PUBLICATION 156715-2001 06/08/2019 1 06/08/2019 Book